000 00568nam a22002177a 4500
003 OSt
005 20160409000620.0
008 160408b xxu||||| |||| 00| 0 eng d
020 _a9780123852274
040 _cDDC
082 _a550 CON 2011
100 _aCondie, Kent C.
_97715
245 _aEarth as an Evolving Planetary System
250 _a2nd ed.
260 _aAmsterdam; Elsevier, 2011
300 _axviii,574p; col.ill: 23cm
504 _aReferences, & index included
650 _aEarth Planet
_97716
650 _aPhysics
_9809
942 _2ddc
_cO_SHELF
999 _c3450
_d3450